00466 2200181 4500001002100000005001500021008004100036020002200077035001900099041000700118082001000125090001600135100002000151245003700171260003600208300002000244650002000264INLIS00000000001542120241224114930241224||||||||| | ||| |||| || |  a978-602-202-010-3 0010-1224015421 aid0 a614.4 a614.4 LIL g0 aLilis Lisnawati00aGenerasi Sehat Melalui Imunisasi aJakartabTrans Info Mediac2011 a125hlm;147x21cm 0aIlmu Kedokteran